[Event "Neumarkt am Wallersee op 15th"]
[Site "Neumarkt am Wallersee"]
[Date "2016.08.20"]
[Round "1"]
[White "Emeder, Richard"]
[Black "Kaspret, Guido"]
[Result "0-1"]
[WhiteElo "1695"]
[BlackElo "2324"]
[PlyCount "68"]
[EventDate "2016.08.20"]
[EventType "swiss"]
[EventRounds "9"]
[EventCountry "AUT"]
[SourceTitle "CBM 174 Extra"]
[Source "ChessBase"]
[SourceDate "2016.10.10"]
[SourceVersion "1"]
[SourceVersionDate "2016.10.10"]
[SourceQuality "1"]

1. e4 c5 2. Nf3 a6 3. Nc3 d6 4. d4 cxd4 5. Nxd4 Nf6 6. Be3 b5 7. a3 Bb7 8. Qd3 Nbd7 9. f4 Nc5 10. Qd1 Ncxe4 11. Nxe4 Bxe4 12. Qd2 Qb8 13. Bd3 e6 14. 0-0 Be7 15. b4 Bxd3 16. Qxd3 Nd5 17. Nc6 Qc7 18. Nxe7 Nxe3 19. Ng6 hxg6 20. Qxe3 a5 21. Qd3 Qb6+ 22. Kh1 0-0 23. Rfd1 d5 24. c3 Rfc8 25. Rf1 Rc4 26. Rac1 Rac8 27. Rc2 axb4 28. axb4 d4 29. Rfc1 Qc6 30. h3 dxc3 31. Kh2 Qd5 32. Qxd5 exd5 33. Kg3 d4 34. Kf3 d3 0-1